000 01450nam a2200217Ia 4500
003 OSt
005 20250225115049.0
008 210707s1983 xx 000 0 und d
040 _cAL
041 _aKannada
082 _aK894.3 ANUE
100 _aANUPAMA NIRANJANA
_dಅನುಪಮಾ ನಿರಂಜನ
_9157194
245 _aEle
_bಎಳೆ
260 _aBengaluru
_bVishva Kannada Sammelana
_c1983
300 _a204 p
365 _b2
_cINR
520 _aಎಳೆ’ ಕೃತಿಯು ಅನುಪಮಾ ನಿರಂಜನ ಅವರ ಕಾದಂಬರಿಯಾಗಿದೆ. ಕೌಟುಂಬಿಕ ವಿಚಾರಗಳ ಎಳೆಯನ್ನು ಕಟ್ಟಿಕೊಡುವ ಈ ಕೃತಿಯು ಹೆಣ್ಣಿನ ಧೈರ್ಯ ಹಾಗೂ ಆಕೆಯ ವಿಚಾರವಂತಿಕೆಗೆ ಲೇಖಕಿ ಇಲ್ಲಿ ಧ್ವನಿಯಾಗಿದ್ದಾರೆ. ಭಕ್ತಿಯ ಪ್ರಾಧಾನ್ಯತೆಯು ಈ ಕೃತಿಯಲ್ಲಿ ಪ್ರಮುಖವಾಗಿ ಕಾಣುತ್ತದೆ. ಪ್ರಗತಿಶೀಲರ ಪ್ರಗತಿಪರ ಧೋರಣೆ ಮತ್ತು ಬಂಡಾಯ ಮನೋಭಾವ ಹಾಗೂ ನವ್ಯರ ಆತ್ಮಶೋಧನೆ ಮತ್ತು ಕಲಾತ್ಮಕತೆ, ಈ ಎರಡು ಗುಣಗಳು ಕೂಡ ಅವರ ಕಾದಂಬರಿಯಲ್ಲಿವೆ
563 _aPB
650 _aKannada Fiction
_9157195
942 _2ddc
_cBK
999 _c180134
_d180134